| 000 | 01665nam a2200373 i 4500 | ||
|---|---|---|---|
| 999 |
_c5397 _d5397 |
||
| 003 | OSt | ||
| 005 | 20250910100644.0 | ||
| 008 | 250411s2025 nyub d 000 1 eng d | ||
| 020 | _a9781665955461 | ||
| 040 |
_aDLC _beng _erda _cDLC _dIG# _dOCLCO _dBRL _dSDG _dOCLCO _dHBP _dOCLCO _dRNL _dGZF _dCaOL _dKH8 |
||
| 082 | _aFIC ROB | ||
| 100 | 1 |
_aRoberts, Lauren, _d2002- _eauthor. |
|
| 245 | 1 | 0 |
_aFearless / _cLauren Roberts. |
| 250 | _aFirst edition. | ||
| 264 | 1 |
_aNew York : _bSimon and Schuster BFYR, _c2025. |
|
| 264 | 4 | _c©2025. | |
| 300 |
_a593 pages : _bmap ; _c22 cm. |
||
| 336 |
_atext _btxt _2rdacontent. |
||
| 336 |
_acartographic image _2rdacontent. |
||
| 337 |
_aunmediated _bn _2rdamedia. |
||
| 338 |
_avolume _bnc _2rdacarrier. |
||
| 520 | _aPaedyn and Kai are reunited but face a terrible decision in this thrilling conclusion to the New York Times bestselling romantic fantasy trilogy perfect for fans of Sarah J. Maas and The Red Queen . Paedyn Gray and Kai Azer return to the Kingdom of Ilya... And Paedyn has a life-altering choice to make. Whatever she decides will determine her fate - and the fate of those around her - forever. In the ultimate battle of love and loyalty, who wins? | ||
| 650 | 0 |
_aTriangles (Interpersonal relations) _vFiction. |
|
| 650 | 0 |
_aMagic _vFiction. |
|
| 650 | 0 |
_aLoyalty _vFiction. |
|
| 650 | 0 |
_aElite (Social sciences) _vFiction. |
|
| 650 | 0 |
_aImaginary places _vFiction. |
|
| 650 | 0 |
_aKings and rulers _vFiction. |
|
| 650 | 0 |
_aFantasy fiction. _2lcgft _2genre. |
|
| 650 | 7 |
_aAction and adventure fiction. _2lcgft _2genre. |
|
| 650 | 0 |
_aRomance fiction. _2genre. |
|
| 830 | 0 |
_aPowerless trilogy ; _v3. |
|
| 942 |
_2ddc _cFIC |
||